| 000 | 00742nam a2200241 i 4500 | ||
|---|---|---|---|
| 001 | C2-0294635 | ||
| 003 | PPAK | ||
| 005 | 20180728030327.0 | ||
| 008 | 090219s2008 xxka|||| ||||| | eng d | ||
| 020 | _a9780955102059 | ||
| 040 |
_aPPAK _beng _cPPAK _erda |
||
| 082 | 0 | 4 |
_a358.400941 _223 |
| 090 | 0 | 0 |
_a358.400941 _bHUN _dR |
| 100 | 1 |
_aHunter, Jamie, _eauthor |
|
| 245 | 1 | 0 |
_aFighting force : _bthe 90th anniversary of the Royal Air Force |
| 264 | 1 |
_aUnited Kingdom : _bTouchstone Books , _c2008 |
|
| 300 |
_a192 pages : _bcolour illustrations ; _c27 cm |
||
| 336 |
_2rdacontent _atext |
||
| 337 |
_2rdamedia _aunmediated |
||
| 338 |
_2rdacarrier _avolume |
||
| 650 | 1 | 0 | _aGreat Britain. Royal Air Force ; Fighter planes |
| 942 |
_ddc _cB |
||
| 999 |
_c99256 _d99256 |
||